Захоплююча алгебра. (Запис № 17421)

000 -Маркер запису
Контрольне поле сталої довжини 02556nam a22002657a 4500
003 - Належність контрольного номера
Контрольне поле Uzh_bibl
008 - Кодовані дані
Контрольне поле сталої довжини 260421b |||||||| |||| 00| 0 ukr d
020 ## - Індекс ISBN
ISBN 978-966-10-2341-1
Ціна 186.75
040 ## - Джерело каталогіз.
Код мови каталог. укр.
041 ## - Код мови видання
Код мови оригіналу російська
Код мови тексту українська
080 ## - Індекс УДК
Індекс УДК 512
090 ## - Шифри
Поличний індекс 512
Авторський знак П 27
100 ## - Автор
Автор Перельман, Яків
245 ## - Назва
Назва Захоплююча алгебра.
Відповідальність Пер. з рос. за ред. В.О. Тадеєва
Фізичний носій Текст
260 ## - Вихідні дані
Місце видання Тернопіль
Видавництво Навчальна книга-Богдан
Дата видання 2019
300 ## - Фізичний опис
Обсяг 336 с.
Ілл./тип відтвор. Іл.
Тип одиниці В опр.
490 ## - Серія
Назва серії Класики популяризації науки
520 ## - Анотація
Анотація «Захоплююча алгебра» Я. І. Перельмана — одна з найзахопливіших книжок про алгебру. У ній ця наука ніби відокремлюється від класної дошки, з якою вона тісно «зрослася» у свідомості більшості читачів, і переноситься у вільний простір, де знаходить найрізноманітніші застосування. Основне своє завдання автор вбачає у тому, аби прищепити читачеві інтерес до занять алгеброю та викликати у нього бажання самостійно усунути прогалини своєї математичної підготовки. Прочитавши книгу, читач знатиме незмірно більше про основні ідеї алгебри та про її застосування, ніж про це можна довідатися з десятків «шкільних» підручників та посібників. Книга перекладена багатьма мовами світу. Повний переклад українською мовою виходить уперше. Книга зацікавить усіх, хто хоче мати правдиве уявлення про математику, зокрема, — переконливі свідчення про можливості її практичного застосування.
521 ## - Примітка про цільове призначення
Примітка про цільове призначення Для широкого кола читачів
546 ## - Примітка про мову
Примітка про мову укр.
650 ## - Тематичні рубрики
Основна рубрика Навчальне видання
653 ## - Ключові слова
Ключові слова Мова алгебри.
-- Рівняння.
-- Прогресії.
655 ## - Термін індексування — жанр/форма
Жанр/форма Математика
Типове ділення Посібник
942 ## - ADDED ENTRY ELEMENTS (KOHA)
Джерело класифікації чи схема поличного розташування
Koha item type Книги
Фонди
Статус вилучення Статус втрати/відсутності Джерело класифікації чи схема поличного розташування Статус пошкодження Тип обігу (не для випозичання) Постійне розташування Поточне розташування Розташування у відділі Дата надходження Інвентарний номер Total Checkouts Повний (примірниковий) шифр зберігання Штрих-код Date last seen Дата, для якої чинна ціна заміни Тип одиниці (рівень примірника)
          Бібліотека-філія № 1 для дітей Бібліотека-філія № 1 для дітей Читальна зала старший відділ 21/04/2026 72403   512 16610 21/04/2026 21/04/2026 Книги

Працює на АБІС Коха